| 000 | 00618nam a2200121Ia 4500 | ||
|---|---|---|---|
| 008 | 220620s9999||||xx |||||||||||||| ||und|| | ||
| 100 | _aSardinha, João | ||
| 245 | 0 |
_aImmigrant Associations, Integration and Identity _bAngolan, Brazilian and Eastern European Communities in Portugal |
|
| 546 | _aEnglish[eng] | ||
| 650 | _apublic administration||sociology||bestuurskunde||sociologie | ||
| 856 | _uhttps://library.oapen.org/bitstream/20.500.12657/34976/1/341449.pdf||https://library.oapen.org/bitstream/20.500.12657/34976/1/341449.pdf||https://library.oapen.org/bitstream/20.500.12657/34976/1/341449.pdf | ||
| 942 | _cEB | ||
| 999 |
_c34281 _d34281 |
||